000 01018nam a2200217Ia 4500
003 OSt
005 20210729152707.0
008 210310s2009 ck aodbfr 000 0 eng d
040 _aCO-JMCR
_cCO-JMCR
041 0 _aeng
082 0 4 _a338.986105 /
_bP964i1
_223
110 2 _aProexport Colombia
_938603
245 1 0 _aInvest in Colombia :
_bwork, commitment, creativity /
_cProexport Colombia
260 _aBogotá :
_bProexport Colombia,
_c2009
300 _a33 páginas :
_bilustraciones, fotografías, gráficas y mapas a color ;
_c20 cm.
505 0 _aSome reasons to invest in Colombia -- Agribusiness -- Automotive -- Cosmetics and personal hygiene -- Information and communications technology (ICT)-BPO&O -- Tourism -- Private equity -- Program for the development of world class sectors -- Proexport´s services to investors
650 1 4 _aCrecimiento económico
_916514
_zColombia
650 2 4 _aProducto interno bruto
_zColombia
_937113
650 2 4 _aCondiciones económicas
_zColombia
_96839
942 _2ddc
_cBK
999 _c8166
_d8166